000 00843nam a22002297a 4500
003 OSt
005 20231005102828.0
008 221006b |||||||| |||| 00| 0 eng d
040 _cBiblioteca Lado V
082 _a779
_bS464r
100 _91162
_aSelejan, Ileana L.
_ecuradora
245 _aLa Rebelión de Abril: Fotografía y Memoria en Nicaragua/
246 _aThe April Rebellion: Photography and Memory in Nicaragua/
260 _bCosta Rica
_c2020
_aResidencia EN TRANSITO
300 _c36x50cm
_a20p.
366 _eeng
650 _2Tesauro de Arte & Arquitectura
_aARTE
_9703
650 _2Tesauro de Arte & Arquitectura
_aFESTIVAL
_9702
650 _2Tesauro de Arte & Arquitectura
_aFESTIVAL ARTISTICO
_9702
650 _2Tesauro de Arte & Arquitectura
_aIMAGENES VIRTUALES
942 _2ddc
_c1
_h704
_iF418c
_n0
999 _c4486
_d4486